Liquid Power. Water and Contested Modernities in Spain, 1898-2010.
Guardat en:
| Autor principal: | |
|---|---|
| Format: | Desconegut |
| Idioma: | anglès |
| Publicat: |
Cambridge, Massachusetts; London, England:
The MIT Press,
2023.
|
| Matèries: | |
| Etiquetes: |
Afegir etiqueta
Sense etiquetes, Sigues el primer a etiquetar aquest registre!
|
MARC
| LEADER | 00000 a2200000 4500 | ||
|---|---|---|---|
| 003 | CL-VaPUC | ||
| 005 | 20240313161937.0 | ||
| 008 | 240305t2015 ||||| |||| 00| 0 eng d | ||
| 999 | |c 443065 |d 443063 | ||
| 020 | |a 978-0-262-54896-0 | ||
| 040 | |c Pontificia Universidad Católica de Valparaíso | ||
| 082 | |2 22 |a 363.610946 SWY 2015 | ||
| 100 | |a Swyngedouw, Erik |9 887422 |e autor | ||
| 245 | |a Liquid Power. |b Water and Contested Modernities in Spain, 1898-2010. | ||
| 260 | |a Cambridge, Massachusetts; |a London, England: |b The MIT Press, |c 2023. | ||
| 300 | |a 301 páginas. | ||
| 583 | |k Cristina María Rojas Aguilar |c 20240305 | ||
| 650 | 0 | |9 879624 |a Acceso al agua |x Conflictos políticos y sociales |y Edad Moderna (Siglos 20-21) | |
| 650 | 0 | |9 887495 |a Ingeniería del agua |x Aspectos ambientales |x Represas |z España | |
| 942 | |2 ddc |c BK | ||
| 952 | |0 0 |1 0 |2 ddc |4 0 |6 363_610946000000000_SWY_2015 |7 0 |8 A |9 593497 |a BIBING |b BIBING |c GEN |d 2024-03-01 |e 1 |g 45201.00 |i 5660235 |o 363.610946 SWY 2015 |p 5660235 |r 2025-01-20 |t 1 |v 45201.00 |w 2024-03-01 |y BK |k MEG | ||